Textos de sociología de la familia: una relectura de los clásicos, Linton, Tönnies, Weber y Simmel

Guardat en:
Dades bibliogràfiques
Autor principal: Martín López, Enrique (autor)
Format: Llibre
Idioma:espanyol
Publicat: Madrid Rialp 1993
Matèries:
Etiquetes: Afegir etiqueta
Sense etiquetes, Sigues el primer a etiquetar aquest registre!

MARC

LEADER 00000nam a2200000 a 4500
001 UCM0062
003 CL-VaPUC
008 020108e19930000SP |||||||||||||||||spa|d
082 0 4 |a 306.85  |b MAR  |2 21 
100 |a Martín López, Enrique  |e autor  |9 466692 
245 1 0 |a Textos de sociología de la familia: una relectura de los clásicos, Linton, Tönnies, Weber y Simmel 
300 |a 296 p 
942 |c BK 
945 |d 20020108 00:00:00  |a cmena 
260 |a Madrid  |b Rialp  |c 1993 
650 0 |a Familias   |9 255641 
650 0 |a Sociología de la familia  |9 466693 
650 0 |a Grupos sociales  |9 268887 
650 7 |a MATRIMONIO  |2 CL-VaPUC  |9 466694 
650 7 |a RELACIONES FAMILIARES  |2 CL-VaPUC  |9 333100 
583 |a last modification  |c 20020108 00:00:00  |k Rodrigo Vera 
999 |c 299127  |d 299125 
952 |0 0  |1 0  |4 0  |6 306_850000000000000_MAR_1993  |7 0  |8 A  |9 355298  |a BIBGIM  |b BIBGIM  |d 2019-11-21  |i 3605604  |o 306.85 MAR 1993  |p 3605604  |r 2025-01-15  |w 2019-11-21  |y BK  |k SSL 
952 |0 0  |1 0  |4 0  |6 306_850000000000000_MAR_1993  |7 0  |8 A  |9 355299  |a BIBGIM  |b BIBGIM  |d 2019-11-21  |i 3819825  |o 306.85 MAR 1993  |p 3819825  |r 2025-01-15  |w 2019-11-21  |y BK  |k SSL